BASIC thermodynamics and heat transfer (Record no. 67222)

000 -LEADER
fixed length control field 00486nam a22001697a 4500
003 - CONTROL NUMBER IDENTIFIER
control field NUST - PNEC
005 - DATE AND TIME OF LATEST TRANSACTION
control field 20170116181014.0
008 - FIXED-LENGTH DATA ELEMENTS--GENERAL INFORMATION
fixed length control field 150913b xxu||||| |||| 00| 0 eng d
020 ## - INTERNATIONAL STANDARD BOOK NUMBER
International Standard Book Number 0408013125
040 ## - CATALOGING SOURCE
Transcribing agency LIBRARY
082 ## - DEWEY DECIMAL CLASSIFICATION NUMBER
Classification number 536.70285424 BAC
100 ## - MAIN ENTRY--PERSONAL NAME
9 (RLIN) 10393
Personal name Bacon, D. H. (Dennis Henry)
245 ## - TITLE STATEMENT
Title BASIC thermodynamics and heat transfer
Statement of responsibility, etc. D. H. (Dennis Henry) Bacon
260 ## - PUBLICATION, DISTRIBUTION, ETC.
Date of publication, distribution, etc. c.1983
650 ## - SUBJECT ADDED ENTRY--TOPICAL TERM
9 (RLIN) 10396
Topical term or geographic name entry element BASIC (Computer program language)
General subdivision MIS
942 ## - ADDED ENTRY ELEMENTS (KOHA)
Source of classification or shelving scheme
Koha item type Book
Holdings
Withdrawn status Lost status Source of classification or shelving scheme Damaged status Not for loan Permanent Location Current Location Shelving location Date acquired Total Checkouts Full call number Barcode Date last seen Price effective from Koha item type
          Pakistan Navy Engineering College (PNEC) Pakistan Navy Engineering College (PNEC)       536.70285424 BAC PNECLIB-011871 09/13/2015   Book
© 2023 Central Library, National University of Sciences and Technology. All Rights Reserved.